[Event "ESP-ch (Women)"]
[Site "Novetle"]
[Date "2008.08.06"]
[Round "4"]
[White "Boix Pons, Catalina"]
[Black "Perez Gonzalez, Angela"]
[Result "1-0"]
[WhiteElo "2022"]
[BlackElo "1822"]
[PlyCount "45"]
[EventDate "2008.08.03"]
[EventType "swiss"]
[EventRounds "7"]
[EventCountry "ESP"]
[SourceTitle "CBM 125 Extra"]
[Source "ChessBase"]
[SourceDate "2008.09.01"]
[SourceVersion "1"]
[SourceVersionDate "2008.09.01"]
[SourceQuality "1"]

1. d4 d5 2. Bf4 Nf6 3. Nf3 e6 4. e3 c5 5. c3 Nc6 6. Be2 c4 7. Nbd2 Bd6 8. Bg3 Qc7 9. Qc2 b5 10. e4 Bxg3 11. hxg3 dxe4 12. Nxe4 Nd5 13. Nc5 h6 14. a4 Qa5 15. 0-0 b4 16. cxb4 Qxb4 17. Bxc4 Nb6 18. Bb5 Bd7 19. Nxd7 Nxd7 20. Qxc6 Rd8 21. Ne5 Qxd4 22. Nxd7 Ke7 23. Rad1 1-0

[Event "ESP-ch (Women)"]
[Site "Novetle"]
[Date "2008.08.04"]
[Round "1"]
[White "Guadamuro Torrente, Anabel"]
[Black "Perez Gonzalez, Angela"]
[Result "1-0"]
[WhiteElo "2105"]
[BlackElo "1822"]
[PlyCount "49"]
[EventDate "2008.08.03"]
[EventType "swiss"]
[EventRounds "7"]
[EventCountry "ESP"]
[SourceTitle "CBM 125 Extra"]
[Source "ChessBase"]
[SourceDate "2008.09.01"]
[SourceVersion "1"]
[SourceVersionDate "2008.09.01"]
[SourceQuality "1"]

1. e4 e6 2. Nf3 d5 3. Nc3 Nf6 4. e5 Nfd7 5. d4 c5 6. dxc5 Bxc5 7. Bd3 Nc6 8. Bf4 Qb6 9. 0-0 Nb4 10. Na4 Qc6 11. Nxc5 Qxc5 12. c3 Nxd3 13. Qxd3 Qb6 14. b4 Nf8 15. Nd4 Bd7 16. Be3 Qc7 17. f4 Rc8 18. Bd2 Ng6 19. Rae1 Ne7 20. Qg3 Ng6 21. h4 h5 22. f5 exf5 23. Nxf5 Bxf5 24. Rxf5 Qe7 25. e6 1-0